000 01019nam a22002537a 4500
005 20170123164148.0
010 _aB-123922
020 _c180.00
_a817116403
035 _aB-123922
037 _bCen Lib/Ret
040 _aDPL
_bPN
082 _a
_bਹਰਭ
100 _aਹਰਭਜਨ ਕੌਰ ਆਦਰਸ਼
_98394
245 _aਖਾਮੋਸ਼ ਆਵਾਜ਼ਾਂ :
_cਹਰਭਜਨ ਕੌਰ ਆਦਰਸ਼
_bਕਹਾਣੀਆਂ /
246 _aKhamosh Aawazaan : stories /
_bby Harbhajan Kaur Adarsh
260 _aਦਿੱਲੀ
_bਨੈਸ਼ਨਲ਼ ਬੂਕ ਸ਼ਾਪ
_c2005
270 _aਪ੍ਲੇਆਸੁਰ ਗਾਰਡਨ ਮਾਰਕਿਟ, ਚਾਂਦਨੀ ਚੋਕ
_bਦਿੱਲੀ
_e110006
300 _a160p ;
_c20cm
650 _aਪੰਜਾਬੀ ਕਹਾਣੀਆ
_9123712
650 _aਸਾਹਿਤ -- ਪੰਜਾਬੀ
_9123713
650 _aPunjabi - literature
_9781
650 _aPunjabi -- story
_9123714
942 _2ddc
_cPN
_h
_mਹਰਭ
999 _c110145
_d110145